Classic English : (Record no. 21246)

MARC details
000 -LEADER
fixed length control field 02423nam a2200241 4500
001 - CONTROL NUMBER
control field vtls002152760
003 - CONTROL NUMBER IDENTIFIER
control field MY-SjTCS
005 - DATE AND TIME OF LATEST TRANSACTION
control field 20200306153725.0
008 - FIXED-LENGTH DATA ELEMENTS--GENERAL INFORMATION
fixed length control field 110218s1995 enka 00 eng
020 ## - INTERNATIONAL STANDARD BOOK NUMBER
International Standard Book Number 0582254191
039 #9 - LEVEL OF BIBLIOGRAPHIC CONTROL AND CODING DETAIL [OBSOLETE]
Level of rules in bibliographic description 201909181033
Level of effort used to assign nonsubject heading access points ummi
Level of effort used to assign subject headings 201102181421
Level of effort used to assign classification VLOAD
Level of effort used to assign subject headings 200811241755
Level of effort used to assign classification VLOAD
-- 200407271926
-- VLOAD
082 04 - DEWEY DECIMAL CLASSIFICATION NUMBER
Classification number 428.24
Item number ONE
100 1# - MAIN ENTRY--PERSONAL NAME
Personal name O'Neill, Robert.
9 (RLIN) 201876
245 10 - TITLE STATEMENT
Title Classic English :
Remainder of title students' book with workbook /
Statement of responsibility, etc. by Robert O'Neill with Gaynor Ramsey.
260 ## - PUBLICATION, DISTRIBUTION, ETC.
Place of publication, distribution, etc. Harlow, England :
Name of publisher, distributor, etc. Longman,
Date of publication, distribution, etc. 1995
300 ## - PHYSICAL DESCRIPTION
Extent 128 p. :
Other physical details ill. (some col.) ;
Dimensions 27 cm.
505 0# - FORMATTED CONTENTS NOTE
Formatted contents note 1. Hello. - 2. Where is it?. - 3. The exact time. - 4. Where are you from?. - 5. How much is it?. - 6. A street near Victoria. - 7. London. - 8. How are you?. - 9. Is that your wallet. - 10. Where are we now?. - Progress Check 1. - 11. Where do they live? - 12. One of the windows is open. - 13 Yes and no. - 14. Four people. - 15. What do you do? - 16. A flat in London. - 17. Can you hear me? - 18. More about Bernard. - 19. What's your phone number? - 20. Have you got the time? - Progress Check 2. - 21. Two families. - 22. What do i get? - 23. Who are they? - 24. What are you doing? - 25. What are they Doing? - 26. Who is he? - 27. Today and tomorrow. - 28. Wednesday evening. - 29. The answer. - 30. How long are you staying? - Progress Check 3. - 31. Thursday morning. - 32. Are you afraid? - 33. A strange question. - 34. The woman with Green Eyes. - 35. What about lunch? - 36. Do you need a doctor? - 37. What happened yesterday? 0 38. How strange. - 39. How strange. - 39. I didn't know. - 40. Why didn't he tell me? - Progress Check 4. - Classic Extra Keys. - Progress Check Keys. - Tapescripts. - Word List. - Acknowledgements.
520 ## - SUMMARY, ETC.
Summary, etc. Assuming no previous knowledge of English, Classic English contains 80-90 hours' teaching material and can be used as preparation for any false beginner course. Suitable for mature learners, it can be used equally successfully with people who want some knowledge of English for leisure or travel, but who do not want to go on to study the language intensively. - Back cover.
650 #0 - SUBJECT ADDED ENTRY--TOPICAL TERM
Topical term or geographic name entry element English language
Form subdivision Textbooks for foreign speakers.
9 (RLIN) 10818
650 #0 - SUBJECT ADDED ENTRY--TOPICAL TERM
Topical term or geographic name entry element English language
General subdivision Study and teaching
-- Foreign speakers.
9 (RLIN) 461
700 1# - ADDED ENTRY--PERSONAL NAME
Personal name Ramsey, Gaynor.
Relator term (j.a.)
9 (RLIN) 2428
920 ## - Programme
Programme LAC : LC0909. This item is reserved for lecturers of the Language Centre.
Holdings
Withdrawn status Lost status Source of classification or shelving scheme Damaged status Not for loan Collection code Home library Current library Date acquired Total Checkouts Barcode Date last seen Date last checked out Copy number Koha item type Public note
    Dewey Decimal Classification     Please fill up online form at https://taylorslibrary.taylors.edu.my/services/external_storage1 Taylor's Library-TU TU External Storage-Block E 12/06/2009   5000089535 05/12/2019 20/04/2010 1 Main Collection SLASx,21003,01,GR